Intellectual property : Patents, copyrights, trade marks and allied rights

Bibliographic Details
Main Author: Cornish, W.R
Format: Book
Published: London : sweet of Maxwell , 1981
Subjects:

MARC

LEADER 00000cam a2200000 7i4500
001 0000001716
005 20050628.0
020 |a 0421243309 
040 |a INS 
090 0 0 |a KF2980   |b C818 1981 
100 1 |a Cornish, W.R. 
245 1 0 |a Intellectual property :   |b Patents, copyrights, trade marks and allied rights   |c W.R. Cornish 
260 |a London :   |b sweet of Maxwell ,   |c 1981 
300 |a ixp :   |b 630p 
650 0 0 |a Intellectual property   |z Great Britain 
999 |a 0000001242   |b BOOK   |c Open Shelf   |e Default branch